00395nam a2200157 a 45000010005000000030009000050080041000140400028000550820015000831000020000982450032001182600038001503000014001886500019002026500016002215333CO-ViMGA141112s2004 ck r 000 u spa d aCO-ViMGAbspacCO-ViMGA04a636.9 P17c1 aPascual, Clelia10aCría de conejo para carne aBuenos Aires : bAlbatros, c1988 a81 p : il14aCONEJOS - CRIA14aCUNICULTURA